<?xml version="1.0" encoding="UTF-8"?>
<collection xmlns="http://www.loc.gov/MARC21/slim">
 <record>
  <leader>06059cam a2201117 c 4500</leader>
  <controlfield tag="001">309192692</controlfield>
  <controlfield tag="003">DE-627</controlfield>
  <controlfield tag="005">20250702113519.0</controlfield>
  <controlfield tag="007">tu</controlfield>
  <controlfield tag="008">000124s2000    gw ||||| m    00| ||ger c</controlfield>
  <datafield tag="015" ind1=" " ind2=" ">
   <subfield code="a">00,N12,0554</subfield>
   <subfield code="2">dnb</subfield>
  </datafield>
  <datafield tag="015" ind1=" " ind2=" ">
   <subfield code="a">00,A39,1179</subfield>
   <subfield code="2">dnb</subfield>
  </datafield>
  <datafield tag="016" ind1="7" ind2=" ">
   <subfield code="a">958479593</subfield>
   <subfield code="2">DE-101</subfield>
  </datafield>
  <datafield tag="020" ind1=" " ind2=" ">
   <subfield code="a">3525479034</subfield>
   <subfield code="q">kart.</subfield>
  </datafield>
  <datafield tag="035" ind1=" " ind2=" ">
   <subfield code="a">(DE-627)309192692</subfield>
  </datafield>
  <datafield tag="035" ind1=" " ind2=" ">
   <subfield code="a">(DE-576)083798994</subfield>
  </datafield>
  <datafield tag="035" ind1=" " ind2=" ">
   <subfield code="a">(DE-599)GBV309192692</subfield>
  </datafield>
  <datafield tag="035" ind1=" " ind2=" ">
   <subfield code="a">(OCoLC)231857222</subfield>
  </datafield>
  <datafield tag="035" ind1=" " ind2=" ">
   <subfield code="a">(OCoLC)1078713149</subfield>
  </datafield>
  <datafield tag="035" ind1=" " ind2=" ">
   <subfield code="a">(DE-604)8130734918</subfield>
  </datafield>
  <datafield tag="040" ind1=" " ind2=" ">
   <subfield code="a">DE-627</subfield>
   <subfield code="b">ger</subfield>
   <subfield code="c">DE-627</subfield>
   <subfield code="e">rakwb</subfield>
  </datafield>
  <datafield tag="041" ind1=" " ind2=" ">
   <subfield code="a">ger</subfield>
  </datafield>
  <datafield tag="044" ind1=" " ind2=" ">
   <subfield code="c">XA-DE</subfield>
  </datafield>
  <datafield tag="050" ind1=" " ind2="0">
   <subfield code="a">BS447</subfield>
  </datafield>
  <datafield tag="084" ind1=" " ind2=" ">
   <subfield code="a">46</subfield>
   <subfield code="2">sdnb</subfield>
  </datafield>
  <datafield tag="084" ind1=" " ind2=" ">
   <subfield code="a">9,10</subfield>
   <subfield code="2">ssgn</subfield>
  </datafield>
  <datafield tag="084" ind1=" " ind2=" ">
   <subfield code="a">AN 35800</subfield>
   <subfield code="q">BVB</subfield>
   <subfield code="2">rvk</subfield>
   <subfield code="0">(DE-625)rvk/6004:</subfield>
  </datafield>
  <datafield tag="084" ind1=" " ind2=" ">
   <subfield code="a">BC 5100</subfield>
   <subfield code="q">BVB</subfield>
   <subfield code="2">rvk</subfield>
   <subfield code="0">(DE-625)rvk/9491:</subfield>
  </datafield>
  <datafield tag="084" ind1=" " ind2=" ">
   <subfield code="a">BC 6220</subfield>
   <subfield code="2">rvk</subfield>
   <subfield code="0">(DE-625)rvk/9520:</subfield>
  </datafield>
  <datafield tag="084" ind1=" " ind2=" ">
   <subfield code="a">LI 99999</subfield>
   <subfield code="2">rvk</subfield>
   <subfield code="0">(DE-625)rvk/97471:</subfield>
  </datafield>
  <datafield tag="084" ind1=" " ind2=" ">
   <subfield code="a">TB 6100</subfield>
   <subfield code="2">rvk</subfield>
   <subfield code="0">(DE-625)rvk/143785:</subfield>
  </datafield>
  <datafield tag="084" ind1=" " ind2=" ">
   <subfield code="a">06.21</subfield>
   <subfield code="2">bkl</subfield>
  </datafield>
  <datafield tag="084" ind1=" " ind2=" ">
   <subfield code="a">11.49</subfield>
   <subfield code="2">bkl</subfield>
  </datafield>
  <datafield tag="084" ind1=" " ind2=" ">
   <subfield code="a">11.53</subfield>
   <subfield code="2">bkl</subfield>
  </datafield>
  <datafield tag="084" ind1=" " ind2=" ">
   <subfield code="a">21.31</subfield>
   <subfield code="2">bkl</subfield>
  </datafield>
  <datafield tag="084" ind1=" " ind2=" ">
   <subfield code="a">30.30</subfield>
   <subfield code="2">bkl</subfield>
  </datafield>
  <datafield tag="084" ind1=" " ind2=" ">
   <subfield code="a">11.55</subfield>
   <subfield code="2">bkl</subfield>
  </datafield>
  <datafield tag="100" ind1="1" ind2=" ">
   <subfield code="a">Müsch, Irmgard</subfield>
   <subfield code="d">1967-</subfield>
   <subfield code="0">(DE-588)122150929</subfield>
   <subfield code="0">(DE-627)081766610</subfield>
   <subfield code="0">(DE-576)182233200</subfield>
   <subfield code="4">aut</subfield>
  </datafield>
  <datafield tag="245" ind1="1" ind2="0">
   <subfield code="a">Geheiligte Naturwissenschaft</subfield>
   <subfield code="b">die Kupfer-Bibel des Johann Jakob Scheuchzer</subfield>
   <subfield code="c">Irmgard Müsch</subfield>
  </datafield>
  <datafield tag="264" ind1=" " ind2="1">
   <subfield code="a">Göttingen</subfield>
   <subfield code="b">Vandenhoeck &amp; Ruprecht</subfield>
   <subfield code="c">2000</subfield>
  </datafield>
  <datafield tag="300" ind1=" " ind2=" ">
   <subfield code="a">285 S</subfield>
   <subfield code="b">zahlr. Ill</subfield>
  </datafield>
  <datafield tag="336" ind1=" " ind2=" ">
   <subfield code="a">Text</subfield>
   <subfield code="b">txt</subfield>
   <subfield code="2">rdacontent</subfield>
  </datafield>
  <datafield tag="337" ind1=" " ind2=" ">
   <subfield code="a">ohne Hilfsmittel zu benutzen</subfield>
   <subfield code="b">n</subfield>
   <subfield code="2">rdamedia</subfield>
  </datafield>
  <datafield tag="338" ind1=" " ind2=" ">
   <subfield code="a">Band</subfield>
   <subfield code="b">nc</subfield>
   <subfield code="2">rdacarrier</subfield>
  </datafield>
  <datafield tag="490" ind1="1" ind2=" ">
   <subfield code="a">Rekonstruktion der Künste</subfield>
   <subfield code="v">4</subfield>
  </datafield>
  <datafield tag="502" ind1=" " ind2=" ">
   <subfield code="a">Teilw. zugl.: Berlin, Freie Univ., Diss., 1999</subfield>
  </datafield>
  <datafield tag="583" ind1="1" ind2=" ">
   <subfield code="a">Archivierung/Langzeitarchivierung gewährleistet</subfield>
   <subfield code="f">PENI</subfield>
   <subfield code="x">XA-DE-NI</subfield>
   <subfield code="2">pdager</subfield>
   <subfield code="5">DE-35</subfield>
  </datafield>
  <datafield tag="583" ind1="1" ind2=" ">
   <subfield code="a">Archivierung/Langzeitarchivierung gewährleistet</subfield>
   <subfield code="f">SSG</subfield>
   <subfield code="x">XA-DE-BW</subfield>
   <subfield code="2">pdager</subfield>
   <subfield code="5">DE-16</subfield>
  </datafield>
  <datafield tag="600" ind1="1" ind2="4">
   <subfield code="a">Scheuchzer, Johann Jakob &lt;1672-1733&gt;</subfield>
  </datafield>
  <datafield tag="630" ind1="0" ind2="4">
   <subfield code="a">Bible</subfield>
   <subfield code="x">Illustrations</subfield>
  </datafield>
  <datafield tag="630" ind1="0" ind2="4">
   <subfield code="a">Bible</subfield>
   <subfield code="x">History</subfield>
   <subfield code="x">18th century</subfield>
  </datafield>
  <datafield tag="650" ind1=" " ind2="4">
   <subfield code="a">Nature in the Bible</subfield>
  </datafield>
  <datafield tag="655" ind1=" " ind2="7">
   <subfield code="a">Hochschulschrift</subfield>
   <subfield code="0">(DE-588)4113937-9</subfield>
   <subfield code="0">(DE-627)105825778</subfield>
   <subfield code="0">(DE-576)209480580</subfield>
   <subfield code="2">gnd-content</subfield>
  </datafield>
  <datafield tag="689" ind1="0" ind2="0">
   <subfield code="d">u</subfield>
   <subfield code="0">(DE-588)4512412-7</subfield>
   <subfield code="0">(DE-627)248015796</subfield>
   <subfield code="0">(DE-576)213202549</subfield>
   <subfield code="a">Scheuchzer, Johann Jacob</subfield>
   <subfield code="d">1672-1733</subfield>
   <subfield code="t">Physica sacra</subfield>
   <subfield code="2">gnd</subfield>
  </datafield>
  <datafield tag="689" ind1="0" ind2="1">
   <subfield code="d">s</subfield>
   <subfield code="0">(DE-588)4123412-1</subfield>
   <subfield code="0">(DE-627)104516488</subfield>
   <subfield code="0">(DE-576)209559519</subfield>
   <subfield code="a">Illustration</subfield>
   <subfield code="2">gnd</subfield>
  </datafield>
  <datafield tag="689" ind1="0" ind2="2">
   <subfield code="d">s</subfield>
   <subfield code="0">(DE-588)4033760-1</subfield>
   <subfield code="0">(DE-627)106256017</subfield>
   <subfield code="0">(DE-576)209003383</subfield>
   <subfield code="a">Kupferstich</subfield>
   <subfield code="2">gnd</subfield>
  </datafield>
  <datafield tag="689" ind1="0" ind2=" ">
   <subfield code="5">DE-101</subfield>
  </datafield>
  <datafield tag="689" ind1="1" ind2="0">
   <subfield code="d">u</subfield>
   <subfield code="0">(DE-588)4512412-7</subfield>
   <subfield code="0">(DE-627)248015796</subfield>
   <subfield code="0">(DE-576)213202549</subfield>
   <subfield code="a">Scheuchzer, Johann Jacob</subfield>
   <subfield code="d">1672-1733</subfield>
   <subfield code="t">Physica sacra</subfield>
   <subfield code="2">gnd</subfield>
  </datafield>
  <datafield tag="689" ind1="1" ind2="1">
   <subfield code="d">s</subfield>
   <subfield code="0">(DE-588)4123412-1</subfield>
   <subfield code="0">(DE-627)104516488</subfield>
   <subfield code="0">(DE-576)209559519</subfield>
   <subfield code="a">Illustration</subfield>
   <subfield code="2">gnd</subfield>
  </datafield>
  <datafield tag="689" ind1="1" ind2="2">
   <subfield code="d">s</subfield>
   <subfield code="0">(DE-588)4174614-4</subfield>
   <subfield code="0">(DE-627)105370770</subfield>
   <subfield code="0">(DE-576)209958103</subfield>
   <subfield code="a">Physikotheologie</subfield>
   <subfield code="2">gnd</subfield>
  </datafield>
  <datafield tag="689" ind1="1" ind2=" ">
   <subfield code="5">DE-101</subfield>
  </datafield>
  <datafield tag="689" ind1="2" ind2="0">
   <subfield code="d">p</subfield>
   <subfield code="0">(DE-588)119200414</subfield>
   <subfield code="0">(DE-627)079998607</subfield>
   <subfield code="0">(DE-576)168583798</subfield>
   <subfield code="a">Pfeffel, Johann Andreas</subfield>
   <subfield code="d">1674-1748</subfield>
   <subfield code="2">gnd</subfield>
  </datafield>
  <datafield tag="689" ind1="2" ind2="1">
   <subfield code="d">p</subfield>
   <subfield code="0">(DE-588)133989348</subfield>
   <subfield code="0">(DE-627)559247303</subfield>
   <subfield code="0">(DE-576)166255297</subfield>
   <subfield code="a">Füssli, Johann Melchior</subfield>
   <subfield code="d">1677-1736</subfield>
   <subfield code="2">gnd</subfield>
  </datafield>
  <datafield tag="689" ind1="2" ind2="2">
   <subfield code="d">p</subfield>
   <subfield code="0">(DE-588)116282061</subfield>
   <subfield code="0">(DE-627)133827461</subfield>
   <subfield code="0">(DE-576)165845376</subfield>
   <subfield code="a">Preißler, Johann Daniel</subfield>
   <subfield code="d">1666-1737</subfield>
   <subfield code="2">gnd</subfield>
  </datafield>
  <datafield tag="689" ind1="2" ind2=" ">
   <subfield code="5">(DE-627)</subfield>
  </datafield>
  <datafield tag="700" ind1="1" ind2=" ">
   <subfield code="a">Scheuchzer, Johann Jacob</subfield>
   <subfield code="d">1672-1733</subfield>
   <subfield code="0">(DE-588)118607308</subfield>
   <subfield code="0">(DE-627)133767175</subfield>
   <subfield code="0">(DE-576)162902034</subfield>
   <subfield code="4">oth</subfield>
  </datafield>
  <datafield tag="751" ind1=" " ind2=" ">
   <subfield code="a">Berlin</subfield>
   <subfield code="0">(DE-588)4005728-8</subfield>
   <subfield code="0">(DE-627)10482638X</subfield>
   <subfield code="0">(DE-576)208862560</subfield>
   <subfield code="4">uvp</subfield>
  </datafield>
  <datafield tag="787" ind1="0" ind2="8">
   <subfield code="i">Rezensiert in</subfield>
   <subfield code="a">Michels, Anette, 1954 - </subfield>
   <subfield code="t">[Rezension von: Irmgard Müsch, Geheiligte Naturwissenschaft]</subfield>
   <subfield code="d">2001</subfield>
   <subfield code="w">(DE-627)1921640936</subfield>
  </datafield>
  <datafield tag="830" ind1=" " ind2="0">
   <subfield code="a">Rekonstruktion der Künste</subfield>
   <subfield code="v">4</subfield>
   <subfield code="9">400</subfield>
   <subfield code="w">(DE-627)345200934</subfield>
   <subfield code="w">(DE-576)085265632</subfield>
   <subfield code="w">(DE-600)2074854-1</subfield>
   <subfield code="x">2198-445X</subfield>
   <subfield code="7">am</subfield>
  </datafield>
  <datafield tag="856" ind1="4" ind2="2">
   <subfield code="u">https://swbplus.bsz-bw.de/bsz083798994inh.htm</subfield>
   <subfield code="m">B:DE-576;DE-352</subfield>
   <subfield code="q">application/pdf</subfield>
   <subfield code="v">20110314164659</subfield>
   <subfield code="x">Verlag</subfield>
   <subfield code="3">Inhaltsverzeichnis</subfield>
   <subfield code="7">1</subfield>
  </datafield>
  <datafield tag="856" ind1="4" ind2="2">
   <subfield code="u">https://swbplus.bsz-bw.de/bsz083798994rez.htm</subfield>
   <subfield code="m">V:DE-576</subfield>
   <subfield code="v">2005-09-19</subfield>
   <subfield code="3">Rezension</subfield>
   <subfield code="7">1</subfield>
  </datafield>
  <datafield tag="935" ind1=" " ind2=" ">
   <subfield code="a">mteo</subfield>
   <subfield code="a">JALB</subfield>
  </datafield>
  <datafield tag="935" ind1=" " ind2=" ">
   <subfield code="i">Blocktest</subfield>
  </datafield>
  <datafield tag="936" ind1="r" ind2="v">
   <subfield code="a">AN 35800</subfield>
   <subfield code="b">Einzelne künstlerisch gestaltete Bücher und Buchillustrationen</subfield>
   <subfield code="k">Allgemeines</subfield>
   <subfield code="k">Buch- und Bibliothekswesen, Informationswissenschaft</subfield>
   <subfield code="k">Buchwesen</subfield>
   <subfield code="k">Buchgestaltung, Buchillustration</subfield>
   <subfield code="k">Einzelne künstlerisch gestaltete Bücher und Buchillustrationen</subfield>
   <subfield code="0">(DE-627)1270677756</subfield>
   <subfield code="0">(DE-625)rvk/6004:</subfield>
   <subfield code="0">(DE-576)200677756</subfield>
  </datafield>
  <datafield tag="936" ind1="r" ind2="v">
   <subfield code="a">BC 5100</subfield>
   <subfield code="b">Gesamtbibel</subfield>
   <subfield code="k">Theologie und Religionswissenschaften</subfield>
   <subfield code="k">Bibelwissenschaft</subfield>
   <subfield code="k">Bibeltexte, Bibelkommentare und Abhandlungen</subfield>
   <subfield code="k">Bibelkommentare</subfield>
   <subfield code="k">Gesamtbibel, Teilsammlungen, Auszüge</subfield>
   <subfield code="k">Gesamtbibel</subfield>
   <subfield code="0">(DE-627)1270888498</subfield>
   <subfield code="0">(DE-625)rvk/9491:</subfield>
   <subfield code="0">(DE-576)200888498</subfield>
  </datafield>
  <datafield tag="936" ind1="r" ind2="v">
   <subfield code="a">BC 6220</subfield>
   <subfield code="b">Bibel in der Kunst, Kulturgeschichte und Dichtung</subfield>
   <subfield code="k">Theologie und Religionswissenschaften</subfield>
   <subfield code="k">Bibelwissenschaft</subfield>
   <subfield code="k">Biblische Einleitung</subfield>
   <subfield code="k">Biblische Hermeneutik</subfield>
   <subfield code="k">Bibel in der Kunst, Kulturgeschichte und Dichtung</subfield>
   <subfield code="0">(DE-627)1270637258</subfield>
   <subfield code="0">(DE-625)rvk/9520:</subfield>
   <subfield code="0">(DE-576)200637258</subfield>
  </datafield>
  <datafield tag="936" ind1="r" ind2="v">
   <subfield code="a">LI 99999</subfield>
   <subfield code="b">Sonstige</subfield>
   <subfield code="k">Kunstgeschichte</subfield>
   <subfield code="k">Künstler-Monografien</subfield>
   <subfield code="k">Sonstige</subfield>
   <subfield code="0">(DE-627)1270635948</subfield>
   <subfield code="0">(DE-625)rvk/97471:</subfield>
   <subfield code="0">(DE-576)200635948</subfield>
  </datafield>
  <datafield tag="936" ind1="r" ind2="v">
   <subfield code="a">TB 6100</subfield>
   <subfield code="b">Naturwissenschaften und Theologie</subfield>
   <subfield code="k">Allgemeine Naturwissenschaft</subfield>
   <subfield code="k">Grenzfragen der Naturwissenschaften</subfield>
   <subfield code="k">Naturwissenschaften und Theologie</subfield>
   <subfield code="0">(DE-627)1271480328</subfield>
   <subfield code="0">(DE-625)rvk/143785:</subfield>
   <subfield code="0">(DE-576)201480328</subfield>
  </datafield>
  <datafield tag="936" ind1="b" ind2="k">
   <subfield code="a">06.21</subfield>
   <subfield code="j">Buchgeschichte</subfield>
   <subfield code="0">(DE-627)106403605</subfield>
  </datafield>
  <datafield tag="936" ind1="b" ind2="k">
   <subfield code="a">11.49</subfield>
   <subfield code="j">Bibel: Sonstiges</subfield>
   <subfield code="0">(DE-627)10641531X</subfield>
  </datafield>
  <datafield tag="936" ind1="b" ind2="k">
   <subfield code="a">11.53</subfield>
   <subfield code="j">Neuzeitliches Christentum</subfield>
   <subfield code="0">(DE-627)181571498</subfield>
  </datafield>
  <datafield tag="936" ind1="b" ind2="k">
   <subfield code="a">21.31</subfield>
   <subfield code="j">Graphische Technik</subfield>
   <subfield code="j">Graphisches Material</subfield>
   <subfield code="x">Kunst</subfield>
   <subfield code="0">(DE-627)106421786</subfield>
  </datafield>
  <datafield tag="936" ind1="b" ind2="k">
   <subfield code="a">30.30</subfield>
   <subfield code="j">Naturwissenschaften in Beziehung zu anderen Fachgebieten</subfield>
   <subfield code="0">(DE-627)106409336</subfield>
  </datafield>
  <datafield tag="936" ind1="b" ind2="k">
   <subfield code="a">11.55</subfield>
   <subfield code="j">Protestantismus</subfield>
   <subfield code="0">(DE-627)106403907</subfield>
  </datafield>
  <datafield tag="951" ind1=" " ind2=" ">
   <subfield code="a">BO</subfield>
  </datafield>
  <datafield tag="990" ind1=" " ind2=" ">
   <subfield code="a">Scheuchzer, Johann Jacob / Physica sacra</subfield>
  </datafield>
  <datafield tag="990" ind1=" " ind2=" ">
   <subfield code="a">Illustration</subfield>
  </datafield>
  <datafield tag="990" ind1=" " ind2=" ">
   <subfield code="a">Kupferstich</subfield>
  </datafield>
  <datafield tag="990" ind1=" " ind2=" ">
   <subfield code="a">Scheuchzer, Johann Jacob / Physica sacra</subfield>
  </datafield>
  <datafield tag="990" ind1=" " ind2=" ">
   <subfield code="a">Illustration</subfield>
  </datafield>
  <datafield tag="990" ind1=" " ind2=" ">
   <subfield code="a">Physikotheologie</subfield>
  </datafield>
  <datafield tag="990" ind1=" " ind2=" ">
   <subfield code="a">Pfeffel, Johann Andreas</subfield>
  </datafield>
  <datafield tag="990" ind1=" " ind2=" ">
   <subfield code="a">Füssli, Johann Melchior</subfield>
  </datafield>
  <datafield tag="990" ind1=" " ind2=" ">
   <subfield code="a">Preißler, Johann Daniel</subfield>
  </datafield>
  <datafield tag="991" ind1=" " ind2=" ">
   <subfield code="a">Rezensiertes Werk</subfield>
  </datafield>
  <datafield tag="999" ind1=" " ind2=" ">
   <subfield code="a">KXP-PPN309192692</subfield>
   <subfield code="e">4927470504</subfield>
  </datafield>
 </record>
</collection>
